| 000 | 00791nam a22002057a 4500 | ||
|---|---|---|---|
| 999 |
_c39 _d39 |
||
| 003 | AR-CdUCM | ||
| 008 | 190221b ||||| |||| 00| 0 spa d | ||
| 040 |
_aMUNICIPALIDAD PROVINCIAL DEL CUSCO _cBIBLIOTECA MUNICIPAL DEL CUSCO |
||
| 082 |
_a869.56 / _bG71T |
||
| 100 |
_aGonzález Viaña, Eduardo _9194 |
||
| 245 | _aEl tiempo del amor / | ||
| 260 |
_aLima : _bMosca azul editores, _c1984. |
||
| 300 |
_a202 páginas. _c20 cm. |
||
| 505 | _aContenido: Batalla de Felipe en la casa de las palomas -- De como mirar pájaros y de una casa de campo -- Muertes y resurrecciones de Santiago el viejo -- Canción para que se vaya tu sombra ... | ||
| 650 |
_aRelatos _9195 |
||
| 650 |
_aPremio nacional _9196 |
||
| 650 |
_aLiteratura narrativa _9197 |
||
| 942 |
_2ddc _cLIBROS |
||
| 945 |
_aafb _d2019-02-21 |
||